000 00776nam a22002297a 4500
003 UA-OsUOA
001 42286
007 ta
008 20081216b un ||||| |||| 00| 0 ukr d
090 _a050 (ІДВ)
_bС48
942 _cMG
040 _aUA-OsUOA
_bukr
_cUA-OsUOA
_dUA-OsUOA
245 _aСлово істини
955 _a4
041 _aukr
080 _a050 (ІДВ)
260 _aВінніпег
246 3 1 _aНародній християнський місячник
310 _aСерпень-вересень, 1949 р. Ч.10-11(22-23)
650 7 _a050 Серійні публікації. Періодика галузі, Організація та інші типи поєднання (співробітництва)
_2UDC
999 _c440784
_d440784